| 000 | 00610nam a2200205Ia 4500 | ||
|---|---|---|---|
| 003 | GCL | ||
| 008 | 140319s9999 xx 000 0 eng d | ||
| 040 |
_aGCL / _cGCL |
||
| 082 | 0 | 4 |
_a005.43 _bM M |
| 100 | 1 | _aMERCIER, PHILIPPE | |
| 245 | 1 | 0 |
_aLA MAITRISE DU MS-DOS ET DU BIOS: LES INTERRUPTIONS ORGANISATION INTERNE / _cMERCIER, PHILIPPE |
| 260 |
_a[S.N] : _bMARABOUT UNIVERSITE ، _c1989 |
||
| 300 | _a319 P | ||
| 490 |
_aMARABOUT _v0 |
||
| 650 | 0 | 4 | _aCOMPUTER SOFTWARE |
| 650 | 0 | 4 | _aMS - DOS ( COMPUTER OPERATING SYSTEM ) |
| 650 | 0 | 4 | _aCOMPUTER PROGRM |
| 650 | 0 | 4 | _aOPERATING SYSTEMS |
| 942 |
_2ddc _cBK |
||
| 999 |
_c23401 _d23401 |
||